000 00625nam a22001937a 4500
999 _c11626
_d11626
003 OSt
005 20200207102359.0
008 181213b ||||| |||| 00| 0 eng d
022 _a00116009
040 _c0
082 _aDPer 792.805 D19 Mar-Aug 2016 v. 90, n. 3-8
100 _aBerardi, Gigi.
_933267
245 _aLi Chiao-Ping:
_bthe modern choreographer/dancer builds extreme strength/
_cGigi Berardi.
260 _aNew York:
_bDance Media,
_c©Mar-Aug 2016.
300 _av90 n7, page 50.
_bcolored illustrations:
_c25 cm.
500 _aDance magazine
650 _aDancer
_v
_933268
_xChoreographer.
942 _2ddc
_cPER